[Event "46. Villa de Mislata - Open C 2012"]
[Site "Mislata ESP"]
[Date "2012.08.16"]
[Round "5.8"]
[White "Lopez Diaz, Rafael"]
[Black "Garcia Requena, Joan"]
[Result "1-0"]
[WhiteElo "1819"]
[BlackElo "1753"]
[PlyCount "47"]
[EventDate "2012.08.13"]
[EventType "tourn"]
[EventRounds "9"]
[EventCountry "ESP"]
[EventCategory "2"]
[Source "lmi"]
[SourceDate "2012.08.13"]

1. b3 Nf6 2. Bb2 d5 3. e3 Bg4 4. Be2 Bxe2 5. Qxe2 c6 6. f4 Nbd7 7. Nf3 e6 8.
O-O Qc7 9. c4 dxc4 10. bxc4 Nb6 11. Be5 Qd8 12. Nc3 Nbd7 13. Ng5 h6 14. Nh3
Nxe5 15. fxe5 Nd7 16. d4 Be7 17. Ne4 O-O 18. Nf4 c5 19. Qg4 cxd4 20. exd4 Qb6
21. c5 Qb4 22. Nxe6 fxe6 23. Qxe6+ Kh8 24. Qxe7 1-0

[Event "46. Villa de Mislata - Open C 2012"]
[Site "Mislata ESP"]
[Date "2012.08.16"]
[Round "5.9"]
[White "Navarro Gomez, Gabriel"]
[Black "Fenollar Baenas, Nahim"]
[Result "1/2-1/2"]
[WhiteElo "1789"]
[BlackElo "1632"]
[PlyCount "46"]
[EventDate "2012.08.13"]
[EventType "tourn"]
[EventRounds "9"]
[EventCountry "ESP"]
[EventCategory "2"]
[Source "lmi"]
[SourceDate "2012.08.13"]

1. d4 d6 2. Nf3 g6 3. Bf4 Nf6 4. Nc3 Bg7 5. Qd2 O-O 6. Bh6 Ne8 7. h4 Nd7 8. e4
Ndf6 9. O-O-O c6 10. Bd3 Bg4 11. Rde1 Qc7 12. Nh2 e5 13. d5 cxd5 14. Bxg7 Nxg7
15. Nxg4 Nxg4 16. Nxd5 Qc5 17. Rhf1 Nh5 18. Be2 Nhf6 19. Nxf6+ Nxf6 20. Bd3 Kg7
21. f4 h5 22. f5 b5 23. fxg6 fxg6 1/2-1/2

[Event "46. Villa de Mislata - Open C 2012"]
[Site "Mislata ESP"]
[Date "2012.08.16"]
[Round "5.10"]
[White "Ventura Monfort, Javier"]
[Black "Garcia Peinado, Borja"]
[Result "0-1"]
[WhiteElo "1715"]
[BlackElo "1774"]
[PlyCount "63"]
[EventDate "2012.08.13"]
[EventType "tourn"]
[EventRounds "9"]
[EventCountry "ESP"]
[EventCategory "2"]
[Source "lmi"]
[SourceDate "2012.08.13"]

1. d4 b6 2. c4 Bb7 3. Nc3 e6 4. e4 Bb4 5. Bd3 Nf6 6. f3 d6 7. Qc2 Nbd7 8. Bd2
c5 9. d5 O-O 10. Nh3 Ne5 11. Be2 a6 12. O-O Bc8 13. f4 Neg4 14. Ng5 Bxc3 15.
bxc3 exd5 16. h3 h6 17. hxg4 hxg5 18. cxd5 gxf4 19. Rxf4 g5 20. Rf3 Nxg4 21.
Raf1 Qe7 22. Rg3 f5 23. c4 Qe5 24. Rh3 Qd4+ 25. Kh1 Nf2+ 26. Kh2 Nxh3 27. Kxh3
fxe4+ 28. Kh2 Qe5+ 29. Kg1 Rxf1+ 30. Bxf1 Qd4+ 31. Kh1 Ra7 32. Bc3 0-1

[Event "46. Villa de Mislata - Open C 2012"]
[Site "Mislata ESP"]
[Date "2012.08.16"]
[Round "6.1"]
[White "Cortes Ruiz, Javier"]
[Black "Davidovas Chananovas, Norman"]
[Result "1-0"]
[WhiteElo "1892"]
[BlackElo "1838"]
[PlyCount "64"]
[EventDate "2012.08.13"]
[EventType "tourn"]
[EventRounds "9"]
[EventCountry "ESP"]
[EventCategory "2"]
[Source "lmi"]
[SourceDate "2012.08.13"]

1. e4 d6 2. d4 Nf6 3. Nc3 g6 4. g3 Bg7 5. Bg2 O-O 6. Nge2 Nbd7 7. O-O c5 8. h3
Rb8 9. f4 b5 10. a3 b4 11. axb4 cxb4 12. Nb1 Qb6 13. Be3 Bb7 14. Nd2 Rfc8 15.
Bf2 d5 16. e5 Ne8 17. g4 e6 18. Nb3 Ba6 19. Qd2 Rc7 20. Rfc1 Bf8 21. f5 Rbc8
22. Na5 Bxe2 23. Qxe2 Bh6 24. Be3 Bxe3+ 25. Qxe3 Rxc2 26. Rxc2 Rxc2 27. fxe6
fxe6 28. Qf4 Rc8 29. Rf1 Rd8 30. Qf7+ Kh8 31. Nb3 Ng7 32. Qe7 Qc6 1-0

[Event "46. Villa de Mislata - Open C 2012"]
[Site "Mislata ESP"]
[Date "2012.08.16"]
[Round "6.2"]
[White "Harutyunyan, Tigran"]
[Black "Santandreu Gregori, David"]
[Result "0-1"]
[WhiteElo "1885"]
[BlackElo "1890"]
[PlyCount "104"]
[EventDate "2012.08.13"]
[EventType "tourn"]
[EventRounds "9"]
[EventCountry "ESP"]
[EventCategory "2"]
[Source "lmi"]
[SourceDate "2012.08.13"]

1. d4 c5 2. d5 Nf6 3. c4 Ne4 4. Qc2 Qa5+ 5. Nd2 Nf6 6. e4 e5 7. Ne2 d6 8. f3 h5
9. Nc3 h4 10. Nb3 Qd8 11. Bg5 Be7 12. Bd3 Nh5 13. Bxe7 Qxe7 14. O-O-O Rh6 15.
Rhg1 Rg6 16. Kb1 Na6 17. a3 Bd7 18. Nc1 O-O-O 19. N1e2 Rh8 20. Ka1 Rf6 21. Qd2
Nf4 22. Bc2 g5 23. Ba4 Bxa4 24. Nxa4 Nxe2 25. Qxe2 Qd7 26. Nc3 Nc7 27. Rdf1 Rg6
28. Nd1 Ne8 29. Ne3 Ng7 30. g4 hxg3 31. hxg3 f5 32. exf5 Nxf5 33. Nxf5 Qxf5 34.
Qe4 Rf6 35. b4 b6 36. bxc5 bxc5 37. Qe2 Qh7 38. Rf2 Qb7 39. Rb1 Qa6 40. Rb3 Kc7
41. f4 gxf4 42. gxf4 Rhf8 43. Rbf3 Rxf4 44. Rxf4 Qxa3+ 45. Qa2 Qxa2+ 46. Rxa2
exf4 47. Rxa7+ Kb6 48. Ra2 f3 49. Rf2 Rf4 50. Kb2 Rxc4 51. Rxf3 Rd4 52. Rf6
Rxd5 0-1

[Event "46. Villa de Mislata - Open C 2012"]
[Site "Mislata ESP"]
[Date "2012.08.16"]
[Round "6.3"]
[White "Garcia Peinado, Borja"]
[Black "Cebrian Flores, Juan Antonio"]
[Result "1/2-1/2"]
[WhiteElo "1774"]
[BlackElo "1888"]
[PlyCount "113"]
[EventDate "2012.08.13"]
[EventType "tourn"]
[EventRounds "9"]
[EventCountry "ESP"]
[EventCategory "2"]
[Source "lmi"]
[SourceDate "2012.08.13"]

1. b3 Nf6 2. Bb2 g6 3. Nf3 Bg7 4. e3 O-O 5. d3 d6 6. c4 e5 7. h3 c6 8. Qc2 a5
9. Nbd2 h6 10. d4 exd4 11. Nxd4 Re8 12. Bd3 Nbd7 13. O-O Ne5 14. N2f3 Qc7 15.
Be2 Bd7 16. Nh4 Bc8 17. Rad1 b6 18. f4 Ned7 19. Bf3 Bb7 20. Rfe1 Nc5 21. e4
Nfd7 22. Qd2 Rad8 23. g4 Nf8 24. Kf2 Rd7 25. Re2 Rde7 26. Rde1 Nh7 27. a3 Nf6
28. Qc2 Nfd7 29. Ng2 Nb8 30. h4 Bc8 31. f5 Be5 32. Qd2 Kh7 33. Bc1 Bxd4+ 34.
Qxd4 Nxb3 35. Qd3 Nxc1 36. Rxc1 Re5 37. Rd1 d5 38. fxg6+ fxg6 39. exd5 Rxe2+
40. Bxe2 Rf8+ 41. Kg1 cxd5 42. cxd5 Qc5+ 43. Qe3 Qd6 44. Rf1 Rxf1+ 45. Kxf1 Na6
46. Nf4 Nc5 47. Kf2 Bd7 48. Kf3 g5 49. hxg5 hxg5 50. Bd3+ Kg8 51. Nh5 Qxd5+ 52.
Be4 Nxe4 53. Qxe4 Bxg4+ 54. Kg3 Qxe4 55. Nf6+ Kf8 56. Nxe4 Be2 57. Nxg5 1/2-1/2

[Event "46. Villa de Mislata - Open C 2012"]
[Site "Mislata ESP"]
[Date "2012.08.16"]
[Round "6.4"]
[White "Gil Juan, German"]
[Black "Lopez Diaz, Rafael"]
[Result "1-0"]
[WhiteElo "1860"]
[BlackElo "1819"]
[PlyCount "102"]
[EventDate "2012.08.13"]
[EventType "tourn"]
[EventRounds "9"]
[EventCountry "ESP"]
[EventCategory "2"]
[Source "lmi"]
[SourceDate "2012.08.13"]

1. e4 c5 2. Nc3 d6 3. f4 Nc6 4. d3 g6 5. g3 Bg7 6. Bg2 Nf6 7. h3 Qb6 8. Nf3 O-O
9. g4 e6 10. Ne2 Qc7 11. c3 b5 12. Ng3 Bb7 13. Be3 Nd7 14. g5 a5 15. h4 b4 16.
Rc1 bxc3 17. bxc3 a4 18. h5 f5 19. Nh4 Ne7 20. d4 Qa5 21. h6 Bh8 22. e5 dxe5
23. Bxb7 Rab8 24. dxe5 Rxb7 25. O-O Nd5 26. Bd2 c4 27. Nf3 Nc5 28. Rb1 Rfb8 29.
Rxb7 Rxb7 30. Nd4 Kf7 31. Nc6 Qb6 32. Nd4 Nd3 33. Qxa4 Qc7 34. Nb5 Qc5+ 35. Nd4
Ra7 36. Qb5 Qc7 37. Nxe6 Kxe6 38. Qe8+ Ne7 39. Qxh8 Qc5+ 40. Kg2 Rxa2 41. Qf6+
Kd5 42. Rd1 Qf2+ 43. Kh3 Nxf4+ 44. Bxf4+ Kc5 45. Qxe7+ Kb6 46. Rb1+ Rb2 47.
Rxb2+ Qxb2 48. Qb4+ Qxb4 49. cxb4 c3 50. Ne2 c2 51. Nd4 c1=N 1-0

[Event "46. Villa de Mislata - Open C 2012"]
[Site "Mislata ESP"]
[Date "2012.08.16"]
[Round "6.5"]
[White "Cerdan Herraez, Manuel Vicente"]
[Black "Soler Nadal, Jose Antonio"]
[Result "1-0"]
[WhiteElo "1830"]
[BlackElo "1777"]
[PlyCount "65"]
[EventDate "2012.08.13"]
[EventType "tourn"]
[EventRounds "9"]
[EventCountry "ESP"]
[EventCategory "2"]
[Source "lmi"]
[SourceDate "2012.08.13"]

1. e4 c6 2. d4 d5 3. e5 Bf5 4. Bd3 Bxd3 5. Qxd3 e6 6. f4 Qb6 7. Nf3 c5 8. c3
Nc6 9. b3 cxd4 10. Nxd4 Nxd4 11. cxd4 Bb4+ 12. Bd2 Ne7 13. a3 Bxd2+ 14. Nxd2
Nf5 15. Nf3 O-O 16. O-O h5 17. Rfd1 Rfc8 18. Rac1 Rc7 19. Rxc7 Qxc7 20. h3 h4
21. Kh2 Rc8 22. a4 Qc2 23. Qxc2 Rxc2 24. Rd3 Rc1 25. a5 Ra1 26. Rc3 Kh7 27. Rc7
Kg6 28. Rxb7 Rxa5 29. b4 Ra1 30. b5 Ra2 31. Rb8 Ne3 32. Nxh4+ Kh5 33. Rh8# 1-0

[Event "46. Villa de Mislata - Open C 2012"]
[Site "Mislata ESP"]
[Date "2012.08.16"]
[Round "6.6"]
[White "Moreno Vicente, Jesus Miguel"]
[Black "Magan Gonzalez, Alberto"]
[Result "1/2-1/2"]
[WhiteElo "1754"]
[BlackElo "1848"]
[PlyCount "87"]
[EventDate "2012.08.13"]
[EventType "tourn"]
[EventRounds "9"]
[EventCountry "ESP"]
[EventCategory "2"]
[Source "lmi"]
[SourceDate "2012.08.13"]

1. e4 c5 2. Nf3 d6 3. d4 cxd4 4. Nxd4 Nf6 5. Nc3 a6 6. Be3 e5 7. Nb3 Be6 8. Bd3
Nbd7 9. O-O Be7 10. f4 Ng4 11. Qf3 Nxe3 12. Qxe3 Nf6 13. f5 Bxb3 14. axb3 b5
15. Rxa6 O-O 16. Rxa8 Qxa8 17. Nxb5 d5 18. exd5 Qxd5 19. Kh1 Bc5 20. Qe2 e4 21.
Bc4 Qe5 22. Nc3 h5 23. g3 Rd8 24. Nd1 Ng4 25. Rf4 Qd4 26. Rf1 Qd2 27. h3 Qh6
28. Bxf7+ Kxf7 29. Qc4+ Ke8 30. Qxc5 e3 31. Qb5+ Kf8 32. Qb4+ Kg8 33. Qc4+ Kh8
34. Re1 Rxd1 35. Rxd1 Nf2+ 36. Kg2 Nxd1 37. Qe2 Nxb2 38. Kf3 Qd6 39. Qxe3 Qd1+
40. Kf4 Qd6+ 41. Kf3 Qd1+ 42. Qe2 Qd5+ 43. Kf4 Qd6+ 44. Kf3 1/2-1/2

[Event "46. Villa de Mislata - Open C 2012"]
[Site "Mislata ESP"]
[Date "2012.08.16"]
[Round "6.7"]
[White "Marco Catala, Juan Bautista"]
[Black "Canton Sanchez, Adrian"]
[Result "1-0"]
[WhiteElo "1770"]
[BlackElo "1847"]
[PlyCount "57"]
[EventDate "2012.08.13"]
[EventType "tourn"]
[EventRounds "9"]
[EventCountry "ESP"]
[EventCategory "2"]
[Source "lmi"]
[SourceDate "2012.08.13"]

1. c4 c5 2. Nc3 Nc6 3. Nf3 g6 4. g3 Bg7 5. Bg2 e6 6. O-O Nge7 7. d3 O-O 8. Bg5
Qb6 9. Rb1 a6 10. Qd2 Re8 11. Ne4 f5 12. Nf6+ Bxf6 13. Bxf6 Rf8 14. Bc3 Nd8 15.
Qh6 e5 16. Nxe5 Ne6 17. b4 Nd4 18. Qd2 Qc7 19. Nf3 Nxf3+ 20. Bxf3 d6 21. h4 Ra7
22. h5 Rf7 23. hxg6 hxg6 24. Qh6 Rh7 25. Qf4 b6 26. Kg2 Qd8 27. Rh1 Rxh1 28.
Rxh1 Qd7 29. Qh6 1-0

[Event "46. Villa de Mislata - Open C 2012"]
[Site "Mislata ESP"]
[Date "2012.08.16"]
[Round "6.8"]
[White "Soler Ollero, Guillermo"]
[Black "Marques Montolio, Luis"]
[Result "1-0"]
[WhiteElo "1825"]
[BlackElo "1738"]
[PlyCount "53"]
[EventDate "2012.08.13"]
[EventType "tourn"]
[EventRounds "9"]
[EventCountry "ESP"]
[EventCategory "2"]
[Source "lmi"]
[SourceDate "2012.08.13"]

1. d4 d5 2. Bg5 Nf6 3. Bxf6 exf6 4. e3 Be6 5. g3 c5 6. dxc5 Bxc5 7. c3 Nc6 8.
Bg2 O-O 9. Ne2 Bd6 10. Bxd5 Bxd5 11. Qxd5 Qd7 12. O-O Rfd8 13. Qb3 Ne5 14. Nd4
a6 15. Nd2 b5 16. Ne4 Qc7 17. Nxd6 Qxd6 18. Rad1 Qc7 19. Qc2 Qc8 20. Qf5 Qb7
21. e4 Re8 22. f3 Rac8 23. Ne2 g6 24. Qf4 Kg7 25. Rd6 f5 26. Qh4 fxe4 27. fxe4
1-0

[Event "46. Villa de Mislata - Open C 2012"]
[Site "Mislata ESP"]
[Date "2012.08.16"]
[Round "6.9"]
[White "Romero Cuerda, Jose Luis"]
[Black "Pradas Soria, Ernesto"]
[Result "1/2-1/2"]
[WhiteElo "1711"]
[BlackElo "1823"]
[PlyCount "72"]
[EventDate "2012.08.13"]
[EventType "tourn"]
[EventRounds "9"]
[EventCountry "ESP"]
[EventCategory "2"]
[Source "lmi"]
[SourceDate "2012.08.13"]

1. d4 Nf6 2. c4 e6 3. Nf3 b6 4. Nc3 Bb7 5. Bg5 Bb4 6. a3 Bxc3+ 7. bxc3 d6 8. e3
Nbd7 9. Be2 h6 10. Bh4 g5 11. Bg3 Ne4 12. Qc2 h5 13. h3 Qe7 14. Bd3 f5 15.
O-O-O h4 16. Bh2 O-O-O 17. d5 Ndc5 18. Nd4 Nxd3+ 19. Rxd3 Nc5 20. Rd2 Ne4 21.
Rdd1 Nc5 22. Rhe1 Rhf8 23. Nb3 exd5 24. cxd5 Qe4 25. Nxc5 dxc5 26. Qxe4 fxe4
27. Rd2 Rxd5 28. Rxd5 Bxd5 29. Re2 Bc4 30. Rd2 Rf5 31. g3 hxg3 32. Bxg3 b5 33.
h4 gxh4 34. Bxh4 Rd5 35. Rxd5 Bxd5 36. Be7 c4 1/2-1/2

[Event "46. Villa de Mislata - Open C 2012"]
[Site "Mislata ESP"]
[Date "2012.08.16"]
[Round "6.10"]
[White "Martinez Hernandez, Paula"]
[Black "Fuset Torralba, Jose Luis"]
[Result "0-1"]
[WhiteElo "1711"]
[BlackElo "1801"]
[PlyCount "94"]
[EventDate "2012.08.13"]
[EventType "tourn"]
[EventRounds "9"]
[EventCountry "ESP"]
[EventCategory "2"]
[Source "lmi"]
[SourceDate "2012.08.13"]

1. e4 c6 2. d4 d5 3. e5 Bf5 4. Bd3 Bxd3 5. Qxd3 e6 6. Nf3 Qa5+ 7. Bd2 Qa6 8.
Qxa6 Nxa6 9. O-O h5 10. Nc3 Nh6 11. Ne2 Be7 12. c3 Nf5 13. Bg5 c5 14. Bxe7 Kxe7
15. Rac1 c4 16. Nf4 g6 17. Rfe1 b5 18. a3 Nb8 19. Ra1 Nc6 20. Reb1 a6 21. g3
Na5 22. Nd2 Rhc8 23. Kg2 Kd7 24. Re1 Ne7 25. Red1 Nec6 26. Nh3 Nb3 27. Nxb3
cxb3 28. Ng5 Ke7 29. Nf3 Na5 30. Nd2 Kd7 31. Re1 Kc6 32. Re3 Kb6 33. Rf3 Ra7
34. Rf6 Rac7 35. Re1 Rd8 36. Re3 Rdd7 37. f4 Nc4 38. Nxc4+ Rxc4 39. Rf3 Ka5 40.
f5 gxf5 41. Rh6 Ka4 42. Rxh5 Rdc7 43. Rh8 Rxc3 44. Ra8 Rc2+ 45. Kh3 a5 46. Rxb3
Kxb3 47. Rxa5 Rb7 0-1

[Event "46. Villa de Mislata - Open C 2012"]
[Site "Mislata ESP"]
[Date "2012.08.17"]
[Round "7.1"]
[White "Santandreu Gregori, David"]
[Black "Cortes Ruiz, Javier"]
[Result "0-1"]
[WhiteElo "1890"]
[BlackElo "1892"]
[PlyCount "154"]
[EventDate "2012.08.13"]
[EventType "tourn"]
[EventRounds "9"]
[EventCountry "ESP"]
[EventCategory "2"]
[Source "lmi"]
[SourceDate "2012.08.13"]

1. d4 Nf6 2. Nf3 g6 3. Bf4 Bg7 4. e3 O-O 5. h3 d6 6. Be2 b6 7. Nbd2 Bb7 8. O-O
Nbd7 9. c3 Ne4 10. Nxe4 Bxe4 11. Nd2 Bb7 12. Bf3 Bxf3 13. Nxf3 e6 14. Qa4 Nf6
15. Rfd1 Qd7 16. Qa6 Qc8 17. Qe2 d5 18. Rac1 Ne4 19. Qb5 c6 20. Qa4 b5 21. Qa5
Qb7 22. Ne1 g5 23. Bh2 Rfc8 24. f3 Nf6 25. Nd3 Nd7 26. b4 Bf8 27. Nc5 Nxc5 28.
dxc5 Be7 29. Qa3 a5 30. Qb3 Qa7 31. a4 axb4 32. axb5 Bxc5 33. Kf1 Bxe3 34. Rc2
cxb5 35. cxb4 Qa4 36. Rxc8+ Rxc8 37. Qxa4 bxa4 38. Ra1 Rc1+ 39. Rxc1 Bxc1 40.
Ke2 a3 41. Kd1 Bb2 42. Kc2 Bd4 43. Kb3 a2 44. Kxa2 e5 45. Kb3 Kf8 46. Ka4 Ke7
47. Kb5 Kd7 48. Ka6 f5 49. Bg3 f4 50. Be1 e4 51. b5 Kc7 52. Ba5+ Kb8 53. Bd8 h6
54. b6 Be5 55. Kb5 e3 56. Be7 Kb7 57. Bb4 Bf6 58. Be1 d4 59. Kc4 Kxb6 60. Kd3
Kc5 61. Ba5 Kb5 62. Be1 Bg7 63. h4 Bf6 64. hxg5 hxg5 65. g3 Kc5 66. gxf4 gxf4
67. Ba5 Kd5 68. Be1 Ke5 69. Ba5 Kf5 70. Bb4 Bh4 71. Ke2 Bf6 72. Kd3 Ke5 73. Bf8
Kd5 74. Bh6 Be5 75. Bf8 Bd6 76. Bg7 e2 77. Kxe2 Kc4 0-1

[Event "46. Villa de Mislata - Open C 2012"]
[Site "Mislata ESP"]
[Date "2012.08.17"]
[Round "7.2"]
[White "Davidovas Chananovas, Norman"]
[Black "Gil Juan, German"]
[Result "1/2-1/2"]
[WhiteElo "1838"]
[BlackElo "1860"]
[PlyCount "113"]
[EventDate "2012.08.13"]
[EventType "tourn"]
[EventRounds "9"]
[EventCountry "ESP"]
[EventCategory "2"]
[Source "lmi"]
[SourceDate "2012.08.13"]

1. e4 d6 2. d4 Nf6 3. Nc3 c6 4. f4 g6 5. Nf3 Bg7 6. h3 Qc7 7. Be3 e6 8. Qd2 b5
9. a3 a6 10. Be2 Nbd7 11. Rd1 Bb7 12. b4 O-O 13. e5 Nd5 14. Ne4 dxe5 15. fxe5
f6 16. exf6 N7xf6 17. Nxf6+ Bxf6 18. Bf2 a5 19. O-O axb4 20. axb4 Qd6 21. c3
Ra3 22. Rc1 Rfa8 23. Rc2 Ra1 24. Rxa1 Rxa1+ 25. Rc1 Rxc1+ 26. Qxc1 Nf4 27. Qe1
Bc8 28. Bf1 Nd5 29. Bg3 Qe7 30. Ne5 Bd7 31. Ng4 Bg7 32. Ne5 Be8 33. Be2 h5 34.
Bf3 Qg5 35. Kh2 Qf6 36. Kg1 Kh7 37. Qd2 Bh6 38. Qc2 Qg5 39. Kh2 h4 40. Bf2 Qf4+
41. Kg1 Qc1+ 42. Qxc1 Bxc1 43. Bxd5 exd5 44. Nf3 g5 45. Be1 Kg6 46. Bd2 Bxd2
47. Nxd2 Kf5 48. Kf2 Kf4 49. Nf3 Bh5 50. Ne5 Be8 51. Nf3 g4 52. hxg4 Kxg4 53.
Ne5+ Kf4 54. Nf3 Ke4 55. Ne5 Kf4 56. Nf3 Ke4 57. Ne5 1/2-1/2

[Event "46. Villa de Mislata - Open C 2012"]
[Site "Mislata ESP"]
[Date "2012.08.17"]
[Round "7.3"]
[White "Cerdan Herraez, Manuel Vicente"]
[Black "Harutyunyan, Tigran"]
[Result "1-0"]
[WhiteElo "1830"]
[BlackElo "1885"]
[PlyCount "109"]
[EventDate "2012.08.13"]
[EventType "tourn"]
[EventRounds "9"]
[EventCountry "ESP"]
[EventCategory "2"]
[Source "lmi"]
[SourceDate "2012.08.13"]

1. e4 c5 2. Nc3 Nc6 3. Nf3 e5 4. Bb5 d6 5. d3 Be7 6. Nd5 Nf6 7. Nxe7 Qxe7 8.
Bxc6+ bxc6 9. Bg5 O-O 10. Nd2 Qe6 11. O-O Ne8 12. f4 f6 13. f5 Qf7 14. Be3 Rb8
15. b3 Nc7 16. a4 Qe7 17. Qh5 d5 18. Rf3 d4 19. Bf2 Qf7 20. Qh4 g5 21. fxg6
hxg6 22. Nc4 Qh7 23. Qg3 Ne8 24. Rf1 Rb7 25. Na5 Rc7 26. Be1 Be6 27. Bd2 Qh5
28. h3 Rff7 29. Be1 Kf8 30. c3 g5 31. R3f2 Kg7 32. Rc2 Nd6 33. cxd4 cxd4 34.
Rc5 Nb7 35. Nxb7 Rxb7 36. b4 Bb3 37. a5 Ba4 38. Qf2 Bb5 39. Qd2 Rbe7 40. Rf5
Qh6 41. Qe2 Re8 42. Qf3 Kg6 43. Bd2 Ref8 44. g4 Rh8 45. Kg2 Rhf8 46. Rc1 Qh4
47. Rf1 Qh7 48. Rh1 Ba6 49. Qf1 Bc8 50. Rf3 Rh8 51. Qc1 Bd7 52. Rf5 Qg8 53. Qc5
Qf8 54. Qc4 Qd6 55. Rc1 1-0

[Event "46. Villa de Mislata - Open C 2012"]
[Site "Mislata ESP"]
[Date "2012.08.17"]
[Round "7.4"]
[White "Cebrian Flores, Juan Antonio"]
[Black "Marco Catala, Juan Bautista"]
[Result "0-1"]
[WhiteElo "1888"]
[BlackElo "1770"]
[PlyCount "96"]
[EventDate "2012.08.13"]
[EventType "tourn"]
[EventRounds "9"]
[EventCountry "ESP"]
[EventCategory "2"]
[Source "lmi"]
[SourceDate "2012.08.13"]

1. d4 Nf6 2. c4 g6 3. Nc3 Bg7 4. e4 d6 5. f4 O-O 6. Nf3 c5 7. d5 Na6 8. Be2 Nc7
9. O-O e6 10. h3 exd5 11. cxd5 Re8 12. Nd2 Bd7 13. Qc2 b5 14. g4 b4 15. Nd1
Ncxd5 16. exd5 Rxe2 17. Qd3 Qe8 18. Nc4 Bb5 19. Nde3 Bxc4 20. Nxc4 Rd8 21. Be3
Nxd5 22. Qxe2 Nxe3 23. Nxe3 Bd4 24. Rf3 Qe4 25. Kg2 Re8 26. Re1 d5 27. Qc2 Qe6
28. Kf1 Qa6+ 29. Kg2 Qxa2 30. Re2 Qa6 31. f5 g5 32. h4 h6 33. hxg5 hxg5 34. Rh3
Re4 35. Re1 Qd6 36. Qf2 Qe5 37. Rf3 Bxb2 38. Qg3 Qxg3+ 39. Rxg3 Be5 40. Rf3 b3
41. Rff1 Bd4 42. Nxd5 Rxg4+ 43. Kh3 Rh4+ 44. Kg2 c4 45. Ne7+ Kh7 46. Nc6 Bb6
47. f6 Rg4+ 48. Kf3 Rf4+ 0-1

[Event "46. Villa de Mislata - Open C 2012"]
[Site "Mislata ESP"]
[Date "2012.08.17"]
[Round "7.5"]
[White "Pino Fernandez, David"]
[Black "Soler Ollero, Guillermo"]
[Result "1-0"]
[WhiteElo "1786"]
[BlackElo "1825"]
[PlyCount "77"]
[EventDate "2012.08.13"]
[EventType "tourn"]
[EventRounds "9"]
[EventCountry "ESP"]
[EventCategory "2"]
[Source "lmi"]
[SourceDate "2012.08.13"]

1. d4 c5 2. dxc5 Nf6 3. Nc3 e5 4. e4 Bxc5 5. Bg5 Qb6 6. Qd2 Ng4 7. Nd1 Qg6 8.
Be2 Nf6 9. Bxf6 Qxf6 10. Nf3 Nc6 11. Nc3 O-O 12. O-O Nd4 13. Nxd4 Bxd4 14. Nd5
Qh4 15. c3 Bc5 16. Bf3 d6 17. Rad1 Kh8 18. Qd3 Rd8 19. Qc4 a6 20. Nc7 Ra7 21.
Nd5 b5 22. Qd3 Rb7 23. b4 Ba7 24. Ra1 g6 25. a4 bxa4 26. Rxa4 Bd7 27. Ra2 Rc8
28. Rc1 Be6 29. Qxa6 Bxd5 30. exd5 Qe7 31. Qa3 e4 32. Be2 Qg5 33. Ba6 Bxf2+ 34.
Rxf2 Ra7 35. b5 Re8 36. Re1 Qxd5 37. Qb4 f5 38. Qd4+ Qxd4 39. cxd4 1-0

[Event "46. Villa de Mislata - Open C 2012"]
[Site "Mislata ESP"]
[Date "2012.08.17"]
[Round "7.6"]
[White "Fuset Torralba, Jose Luis"]
[Black "Garcia Peinado, Borja"]
[Result "1-0"]
[WhiteElo "1801"]
[BlackElo "1774"]
[PlyCount "64"]
[EventDate "2012.08.13"]
[EventType "tourn"]
[EventRounds "9"]
[EventCountry "ESP"]
[EventCategory "2"]
[Source "lmi"]
[SourceDate "2012.08.13"]

1. c4 b6 2. e4 Bb7 3. Nc3 e6 4. Nf3 Bb4 5. Qc2 d6 6. d3 Nf6 7. a3 Bxc3+ 8. Qxc3
Nbd7 9. Be2 c5 10. O-O Qc7 11. Bf4 e5 12. Bd2 a6 13. Nh4 b5 14. b3 Nf8 15. f4
Ne6 16. fxe5 Nd4 17. Rae1 dxe5 18. Nf5 O-O 19. Nxd4 exd4 20. Qc1 Nd7 21. Bf4
Ne5 22. Bxe5 Qxe5 23. cxb5 axb5 24. Rf5 Qe6 25. Bd1 b4 26. a4 Ba6 27. Bc2 Rfc8
28. Ref1 Ra7 29. Qf4 f6 30. Rd5 Rd7 31. Rxd7 Qxd7 32. Bd1 Qf7 1-0

[Event "46. Villa de Mislata - Open C 2012"]
[Site "Mislata ESP"]
[Date "2012.08.17"]
[Round "7.7"]
[White "Rull Costa, Baltasar"]
[Black "Moreno Vicente, Jesus Miguel"]
[Result "0-1"]
[WhiteElo "1797"]
[BlackElo "1754"]
[PlyCount "88"]
[EventDate "2012.08.13"]
[EventType "tourn"]
[EventRounds "9"]
[EventCountry "ESP"]
[EventCategory "2"]
[Source "lmi"]
[SourceDate "2012.08.13"]

1. e4 c5 2. c3 b6 3. d4 Bb7 4. Bd3 cxd4 5. cxd4 Nf6 6. Nc3 Nc6 7. Nf3 e6 8. O-O
Bb4 9. d5 Ne7 10. Nb5 a6 11. d6 axb5 12. e5 Bxd6 13. exd6 Ng6 14. Bxb5 O-O 15.
h4 Ra5 16. a4 Qa8 17. Bd2 Bxf3 18. Qxf3 Qxf3 19. gxf3 Ra7 20. Rfc1 Nxh4 21. Be2
Nf5 22. b3 Nd4 23. Bd1 Nd5 24. Rc4 Nf5 25. Kg2 Nxd6 26. Rh4 Nf5 27. Rc4 Raa8
28. Be2 Rfc8 29. Rac1 Nd6 30. Rxc8+ Rxc8 31. Rxc8+ Nxc8 32. Bb5 d6 33. b4 Kf8
34. a5 bxa5 35. bxa5 Na7 36. Ba6 Nc7 37. Bb7 Ke7 38. Be3 Ncb5 39. Bb6 Kd7 40.
f4 f5 41. f3 d5 42. Kf2 h5 43. a6 d4 44. Kg3 Nc3 0-1

[Event "46. Villa de Mislata - Open C 2012"]
[Site "Mislata ESP"]
[Date "2012.08.17"]
[Round "7.8"]
[White "Garcia Cervera, Manuel Miguel"]
[Black "Hernandiz Moreno, Ramon"]
[Result "1-0"]
[WhiteElo "1874"]
[BlackElo "1695"]
[PlyCount "63"]
[EventDate "2012.08.13"]
[EventType "tourn"]
[EventRounds "9"]
[EventCountry "ESP"]
[EventCategory "2"]
[Source "lmi"]
[SourceDate "2012.08.13"]

1. Nf3 d5 2. c4 c6 3. e3 Nf6 4. Qc2 Nbd7 5. Nc3 e5 6. cxd5 Nxd5 7. Bc4 N7b6 8.
Nxd5 cxd5 9. Be2 Bd6 10. b3 Bd7 11. Bb2 Rc8 12. Qd1 Qe7 13. Rc1 O-O 14. O-O h6
15. Rxc8 Rxc8 16. Qa1 e4 17. Nd4 Qh4 18. g3 Qe7 19. Rc1 Be5 20. Rxc8+ Nxc8 21.
Qc1 a6 22. Kg2 Qf6 23. Qc5 Ne7 24. Qa7 Nc6 25. Qxb7 Bxd4 26. Bxd4 Nxd4 27. exd4
Qe6 28. Qxa6 Qh3+ 29. Kg1 Qf5 30. Qd6 Be6 31. Qe5 Qg6 32. Bh5 1-0

[Event "46. Villa de Mislata - Open C 2012"]
[Site "Mislata ESP"]
[Date "2012.08.17"]
[Round "7.9"]
[White "Soler Nadal, Jose Antonio"]
[Black "Iglesias Fernandez, Luis"]
[Result "1-0"]
[WhiteElo "1777"]
[BlackElo "1886"]
[PlyCount "73"]
[EventDate "2012.08.13"]
[EventType "tourn"]
[EventRounds "9"]
[EventCountry "ESP"]
[EventCategory "2"]
[Source "lmi"]
[SourceDate "2012.08.13"]

1. d4 e6 2. e4 d5 3. exd5 exd5 4. Nf3 Bd6 5. Bd3 Ne7 6. c3 Nbc6 7. O-O Bg4 8.
Re1 Qd7 9. Nbd2 O-O-O 10. b4 h5 11. Qa4 Bxf3 12. Nxf3 h4 13. b5 Nb8 14. Ne5
Bxe5 15. dxe5 d4 16. Bg5 h3 17. g3 Rde8 18. Qxd4 Qxd4 19. cxd4 c6 20. Rac1 Nd5
21. Be4 f6 22. Bxd5 fxg5 23. bxc6 bxc6 24. Bxc6 Nxc6 25. Rxc6+ Kb7 26. d5 Rd8
27. Rb1+ Ka8 28. d6 Rh6 29. Rc7 Rb8 30. Rxb8+ Kxb8 31. Rxg7 Rh8 32. Kf1 Rc8 33.
Rc7 Re8 34. f4 gxf4 35. gxf4 Rf8 36. Rc4 Kb7 37. e6 1-0